Conserving America's neighborhoods /

Bibliographic Details
Main Author: Yin, Robert K.
Format: Book
Language:English
Published: New York : Plenum, [1982]
Series:Environment, development, and public policy. Cities and development.
Subjects:

MARC

Tag First Indicator Second Indicator Subfields
LEADER 00000pam a2200000 a 4500
001 in00000086952
005 20151008064640.0
008 811209s1982 nyuab b 00110 eng
010 |a  81023359  
020 |a 0306407957 
035 |a (OCoLC)08051944 
035 |9 AAK4552AM 
039 0 |a 2  |b 3  |c 3  |d 3  |e 3 
040 |a DLC  |c DLC  |d TXA  |d UtOrBLW 
043 |a n-us--- 
049 |a TXAM  |c [1442735] 
050 0 0 |a HT123  |b .Y56 
082 0 |a 307.7/6  |2 19 
100 1 |a Yin, Robert K. 
245 1 0 |a Conserving America's neighborhoods /  |c Robert K. Yin. 
264 1 |a New York :  |b Plenum,  |c [1982] 
264 4 |c ©1982 
300 |a xvii, 195 pages :  |b illustrations, maps ;  |c 24 cm. 
336 |a text  |b txt  |2 rdacontent 
337 |a unmediated  |b n  |2 rdamedia 
338 |a volume  |b nc  |2 rdacarrier 
490 1 |a Environment, development, and public policy. Cities and development 
504 |a Includes bibliographies and index. 
650 0 |a Neighborhoods  |z United States  |x Conservation and restoration. 
830 0 |a Environment, development, and public policy.  |p Cities and development. 
999 |a MARS 
999 f f |s 6e49c618-b5c6-34f8-9ee1-89569cff7b0c  |i c2956158-10bf-3220-b6bc-a7eb1cb5c9e4  |t 0 
952 f f |p ric  |a Texas A&M University  |b Rellis Campus  |c Joint Library Facility  |d Remote Storage  |t 0  |e HT123 .Y56  |h Library of Congress classification  |i unmediated -- volume  |m A14806144388 
998 f f |a HT123 .Y56  |t 0  |l Remote Storage